<?xml version="1.0" encoding="UTF-8"?>
<collection xmlns="http://www.loc.gov/MARC21/slim">
  <record>
    <leader>00000nam  2200000   4500</leader>
    <controlfield tag="001">INLIS000000000015708</controlfield>
    <controlfield tag="005">20230824103159</controlfield>
    <datafield tag="035" ind1="#" ind2="#">
      <subfield code="a">0010-0823000034</subfield>
    </datafield>
    <controlfield tag="007">ta</controlfield>
    <controlfield tag="008">230824################|##########|#|##</controlfield>
    <datafield tag="084" ind1="#" ind2="#">
      <subfield code="a">R 026 PIM II 2022</subfield>
    </datafield>
    <datafield tag="100" ind1=" " ind2="#">
      <subfield code="a">Herbert SW Panjaitan</subfield>
    </datafield>
    <datafield tag="245" ind1="1" ind2="#">
      <subfield code="a">Sejuta Bibit Berjuta Cuan untuk Masyarakat Kota Bekasi Mandiri Pangan /</subfield>
      <subfield code="c">Herbert SW Panjaitan</subfield>
    </datafield>
    <datafield tag="250" ind1="#" ind2="#">
      <subfield code="a">1</subfield>
    </datafield>
    <datafield tag="260" ind1="#" ind2="#">
      <subfield code="a">Jakarta :</subfield>
      <subfield code="b">Pusbangkom Pimnas dan Manajerial ASN,</subfield>
      <subfield code="c">2022</subfield>
    </datafield>
    <datafield tag="300" ind1="#" ind2="#">
      <subfield code="a">61 halaman :</subfield>
      <subfield code="b">ilus ;</subfield>
      <subfield code="c">30 cm</subfield>
    </datafield>
    <datafield tag="650" ind1="#" ind2="4">
      <subfield code="a">Pangan</subfield>
    </datafield>
    <datafield tag="650" ind1="#" ind2="4">
      <subfield code="a">Bibit</subfield>
    </datafield>
    <datafield tag="520" ind1="#" ind2="#">
      <subfield code="a">Pangan merupakan kebutuhan mendasar bagi manusia untuk dapat mempertahankan hidup, kebutuhan dasar manusia yang paling utama dan pemenuhannya merupakan bagian dari hak asasi manusia yang dijamin di dalam Undang-Undang Dasar Negara Republik Indonesia Tahun 1945 sebagai komponen dasar untuk mewujudkan sumber daya manusia yang berkualitas, bahwa negara berkewajiban mewujudkan ketersediaan, keterjangkauan dan pemenuhan konsumsi pangan yang cukup, aman, bermutu dan bergizi seimbang baik pada tingkat nasional maupun daerah hingga perseorangan sepanjang waktu dengan memanfaatkan sumber daya, kelembagaan dan budaya lokal.</subfield>
    </datafield>
    <datafield tag="990" ind1="#" ind2="#">
      <subfield code="a">026</subfield>
    </datafield>
  </record>
</collection>
